000 00652nam a2200193 a 4500
001 000014233
005 20200929163531.0
008 091208s2009 dr a 000 0 spa d
020 _a9789945163063
040 _aDO-SdBNP
_bspa
_cBNPHU
082 _axxx
_bM632l
100 1 _aMieses, Yris,
_d1959-
_932148
245 1 0 _aLecturas compresivas para el primer ciclo del nivel básico /
_cYris Mieses.
260 _aSanto Domingo :
_bBúho,
_c2009.
300 _a117 p. :
_bil. ;
_c28 cm.
500 _aIncluye datos biográficos de la autora en la contracubierta.
590 _aLa biblioteca posee 3 ejemplares autografiados por el autor.
049 _aBNPD
999 _c13832
_d13832